Zbierka úloh z matematiky na prijímacie skúšky na stredné školy

Salvato in:
Dettagli Bibliografici
Natura: Libro
Lingua:slovacco
Pubblicazione: Bratislava Slovenské pedagogické nakladateľstvo 1986
Edizione:2. vyd.
Tags: Aggiungi Tag
Nessun Tag, puoi essere il primo ad aggiungerne!!

MARC

LEADER 00000nam a2200000 4500
001 c105483
005 20250818114800.2
041 0 |a slo 
044 |a SK 
245 1 0 |a Zbierka úloh z matematiky na prijímacie skúšky na stredné školy 
250 |a 2. vyd. 
264 1 |a Bratislava  |b Slovenské pedagogické nakladateľstvo  |c 1986 
300 |a 235 s.